יישובי עוטף עזה - Statistics

General Stats
  • This quiz has been taken 41 times
  • The average score is 28 of 59
Answer Stats
שם היישוב % Correct
ניר עוז
94%
שדרות
94%
ניר עם
89%
בארי
83%
כפר עזה
83%
רעים
83%
זיקים
78%
סופה
78%
נחל עוז
72%
ארז
67%
חולית
67%
מגן
67%
נירים
67%
אור הנר
61%
יתד
61%
כיסופים
61%
סעד
61%
יד מרדכי
56%
כרם שלום
56%
ניר יצחק
56%
נתיב העשרה
56%
עלומים
56%
איבים
50%
גבים
50%
דורות
50%
מפלסים
50%
גברעם
44%
ישע
44%
עין הבשור
44%
תלמי יוסף
44%
אוהד
39%
דקל
39%
יכיני
39%
כפר מימון
39%
מבטחים
39%
עין השלושה
39%
עמיעוז
39%
שובה
39%
שלומית
39%
אבשלום
33%
יבול
33%
כרמיה
33%
מבקיעים
33%
פרי גן
33%
שוקדה
33%
ברור חיל
28%
זמרת
28%
שדה ניצן
28%
תלמים
28%
תקומה
28%
בני נצרים
22%
נווה
22%
רוחמה
22%
תושיה
22%
תלמי אליהו
22%
צוחר
17%
שדי אברהם
17%
חלץ
11%
שדה דוד
11%
No matching quizzes found
Score Distribution
Percent of People with Each Score
Percentile by Number Answered
Your Score History
You have not taken this quiz